Szielasko, 15 Monate Prisenossizier an Bord. (Record no. 5876)

MARC details
000 -CABECERA
campo de control de longitud fija 00495nam a2200193 a 4500
001 - NÚMERO DE CONTROL
campo de control BRCA_6189
005 - FECHA Y HORA DE LA ÚLTIMA TRANSACCIÓN
campo de control 20190320205350.0
008 - DATOS DE LONGITUD FIJA--INFORMACIÓN GENERAL
campo de control de longitud fija 110711s1880----gw-#######---#000-0#ger-#
041 ## - CÓDIGO DE LENGUA
Código de lengua del texto/banda sonora o título independiente ger
044 ## - CÓDIGO DEL PAÍS DE LA ENTIDAD EDITORA/PRODUCTORA
Código MARC del país gw
050 #4 - SIGNATURA TOPOGRÁFICA DE LA BIBLIOTECA DEL CONGRESO
Número de clasificación DD756
Número de documento/Ítem .S95
-- 1880
245 10 - MENCIÓN DE TÍTULO
Título Szielasko, 15 Monate Prisenossizier an Bord.
Mención de responsabilidad, etc. S. M. S. Wolf
260 ## - PUBLICACIÓN, DISTRIBUCIÓN, ETC.
Lugar de publicación, distribución, etc. Berlin
Nombre del editor, distribuidor, etc. Deutscher Lehrmittel
Fecha de publicación, distribución, etc. [188-?]
300 ## - DESCRIPCIÓN FÍSICA
Extensión 128 p.
Dimensiones 21 cm.
500 ## - NOTA GENERAL
Nota general I49
651 #4 - PUNTO DE ACCESO ADICIONAL DE MATERIA--NOMBRE GEOGRÁFICO
Nombre geográfico Alemania
Subdivisión general Historia
9 (RLIN) 5819
902 ## - CATALOGADOR
Iniciales GFM
942 ## - ELEMENTOS DE PUNTO DE ACCESO ADICIONAL (KOHA)
Fuente del sistema de clasificación o colocación Library of Congress Classification
Tipo de ítem Koha Libros
Holdings
Estado de retiro Estado de pérdida Estado dañado No para préstamo Localización permanente Ubicación/localización actual Fecha de adquisición Número de inventario Total de préstamos Signatura topográfica completa Código de barras Fecha visto por última vez Precio válido a partir de Tipo de ítem Koha
El ejemplar forma parte de la colección y puede ser consultado según las políticas vigentes.       Biblioteca del Museo Franz Mayer (Rogerio Casas-Alatriste) Biblioteca del Museo Franz Mayer (Rogerio Casas-Alatriste) 11/07/2011 I49   DD756 .S95 1880 (I49) 6628 22/03/2019 22/03/2019 Libros